Pays de la formule 1 - Statistiques

Statistiques générales
  • Ce quiz a été pris 4 781 fois
  • Le résultat moyen est 23 sur 33
Statistiques - réponses
Pays % Correct
France
98%
Espagne
93%
Etats-unis
93%
Italie
91%
Bresil
89%
Japon
89%
Allemagne
88%
Australie
88%
Chine
88%
Belgique
86%
Grande Bretagne
86%
Canada
84%
Mexique
83%
Russie
81%
Portugal
79%
Autriche
78%
Monaco
78%
Pays-Bas
76%
Argentine
74%
Hongrie
69%
Afrique du sud
63%
Bahrein
63%
Singapour
61%
Suisse
57%
Inde
54%
Suède
51%
Turquie
51%
Emirats arabes unis
50%
Malaisie
49%
Coree du sud
46%
Maroc
42%
Saint Marin
29%
Luxembourg
23%
Aucun quiz correspondant
Distribution des résultats
% des personnes avec chaque résultat
Percentile par nombre de réponses
Votre historique - résultats
Vous n’avez pas pris ce quiz